00608nam a22002057a 450000500170000001000110001702000100002803500110003803700160004904000120006508200160007710000290009324500990012226000490022127000330027030000260030350000190032965000210034865000330036920170124110014.0 a446611 c00.00 a446611 bCen Lib/Ret aDPLbEN a332.41bMUK aMukherjee, Promode Kumar aMoney supply and prices in India since independence :cby Promode Kumar Mukherjeeb1947-1960 / aCalcuttabThe World Press Privete Ltd.c1966 bCalcuttaa37, College Street aviii,174p. c18cm(Hb) aIncludes index aPrices -- India. aFiscal Policies in India.z